000 00393cam a22001217a 4500
008 180718b1953 xxu||||| |||| 00| 0 eng d
082 _aA81x54 In2/51/53/1
100 _aCensus of India 1951
245 _aIndia: sample verification of the 1951 census count
260 _aDelhi
_bThe Manager of Publications
_c1953
300 _a25+p.
440 _aCensus of India 1951. India. Paper No. 1 of 1953
999 _c483570
_d483570